Synchronizácia ekonomických cyklov v Eurozóne bakalárska práca

Na minha lista:
Detalhes bibliográficos
Autor principal: Marčišová, Andrea
Autor Corporativo: Národohospodárska fakulta EU. Katedra financií
Outros Autores: Novák, Marcel, 1979-
Formato: Livro
Idioma:eslovaco
Publicado em: Bratislava 2010
Tags: Adicionar Tag
Sem tags, seja o primeiro a adicionar uma tag!

MARC

LEADER 00000nbm a2200000 4500
001 0133215
005 20161109111514.1
041 0 |a slo 
044 |a SK 
245 1 0 |a Synchronizácia ekonomických cyklov v Eurozóne  |b bakalárska práca  |c Andrea Marčišová ; školiteľ: Marcel Novák 
264 1 |a Bratislava  |c 2010 
300 |a 39 s. 
100 1 |a Marčišová, Andrea 
700 1 |a Novák, Marcel, 1979- 
710 2 |a Národohospodárska fakulta EU. Katedra financií